Online katalóg knižníc regiónu Turca

Katarína (Record no. 23464)

MARC details
000 -LEADER
fixed length control field 00537nam a2200217 a 4500
001 - CONTROL NUMBER
control field 23464
003 - CONTROL NUMBER IDENTIFIER
control field VRT
005 - DATE AND TIME OF LATEST TRANSACTION
control field 20260623143135.0
008 - FIXED-LENGTH DATA ELEMENTS--GENERAL INFORMATION
fixed length control field 060711s1974 cs slo c
035 ## - SYSTEM CONTROL NUMBER
System control number UKB000292099
040 ## - CATALOGING SOURCE
Original cataloging agency BAA001
Language of cataloging slo
Transcribing agency BAA001
Description conventions AACR2
041 1# - LANGUAGE CODE
Language code of text/sound track or separate title slo
044 ## - COUNTRY OF PUBLISHING/PRODUCING ENTITY CODE
MARC country code cs
ISO country code CS
100 1# - MAIN ENTRY--PERSONAL NAME
Personal name Dostojevskij, Fedor Michajlovič,
Dates associated with a name 1821-1881
245 00 - TITLE STATEMENT
Title Katarína
260 ## - PUBLICATION, DISTRIBUTION, ETC.
Place of publication, distribution, etc. Bratislava
Name of publisher, distributor, etc. Tatran
Date of publication, distribution, etc. 1974
300 ## - PHYSICAL DESCRIPTION
Extent 272 s
910 ## - USER-OPTION DATA (OCLC)
User-option data ukb
942 ## - ADDED ENTRY ELEMENTS (KOHA)
Source of classification or shelving scheme Dewey Decimal Classification
Koha item type Krásna literatúra pre dospelých
Suppress in OPAC No
949 ## - LOCAL PROCESSING INFORMATION (OCLC)
6 1800119494
a 24.D.14674
b PV.14903-74
Holdings
Stav vyradenia Strata Poškodenie Spôsob nadobudnutia Domovská knižnica Aktuálna knižnica Dátum nadobudnutia Cena Total checkouts Čiarový kód exemplára Date last seen Typ exemplára
      Kúpa Obecná knižnica Horná Štubňa Obecná knižnica Horná Štubňa 23.06.2026 1.00   4736203943 23.06.2026 Krásna literatúra pre dospelých
Projekt je podporený Slovenskou asociáciou knižníc
Prevádzkuje Turčianska knižnica Martin 2026